Missing Word: Fight Night Quiz Stats

 Plays Quiz Updated Nov 24, 2019

Support Sporcle.
Go Orange.
Score 0/14 Timer 02:00
0 Plays Today
Movie Missing Word % Correct
Friday _____ LightsNight
95.4%
_____ ClubFight
93.8%
The Dark ______ RisesKnight
93.3%
______ Lights, Big CityBright
89%
____ the BulletBite
88.8%
They _____ Be GiantsMight
88.2%
The _____ StuffRight
88%
Movie Missing Word % Correct
The ______ of the PhoenixFlight
82.9%
Sleep _____Tight
82.4%
Out of _____Sight
80.2%
_____ Men Can't JumpWhite
78.1%
The ____ RunnerKite
78.1%
I Saw the _____Light
70.5%
______ NightFright
67.5%

Today's Daily Dose

You're not logged in!

Compare scores with friends on all Sporcle quizzes.
OR
Log In

From the Vault

Sports Mascot Blitz III

by Thebiguglyalien

How old are these mascots in dog years?
Remove Ads.
Support Sporcle.
Get the best of Sporcle when you Go Orange. This ad-free experience offers more features, more stats, and more fun while also helping to support Sporcle. Thank you for becoming a member.

Show Comments

Extras

Top Quizzes Today


Score Distribution

Your Account Isn't Verified!

In order to create a playlist on Sporcle, you need to verify the email address you used during registration. Go to your Sporcle Settings to finish the process.

Report this User

Report this user for behavior that violates our Community Guidelines.

Details: